000 00351nam a2200133Ia 4500
003 GCL
008 140319s9999 xx 000 0 ara d
040 _aGCL /
_cGCL
082 0 4 _a680
_bح ع
245 1 0 _aعمليات التصنيع اليدوية
260 _a[S.N] :
_bدار الراتب الجامعية ،
_c1988
300 _a258 ص
490 _a
999 _c54934
_d54934